[Event "28th European Club Cup"]
[Site "Eilat ISR"]
[Date "2012.10.12"]
[Round "2.11"]
[White "Mihajlov,Sebastian"]
[Black "Friedrich,N"]
[Result "1/2-1/2"]
[WhiteElo "2043"]
[BlackElo "2302"]

1.d4 d5 2.c4 c6 3.Nf3 Nf6 4.Nc3 e6 5.e3 Nbd7 6.Bd3 dxc4 7.Bxc4 b5 8.Bd3 Bb7
9.O-O b4 10.Na4 c5 11.Nxc5 Nxc5 12.dxc5 Bxc5 13.Bb5+ Ke7 14.Qe2 Qb6 15.b3 Bxf3
16.gxf3 Rhd8 17.Bb2 Rd6 18.Bc4 Rad8 19.Rad1 Qa5 20.Be5 Rxd1 21.Rxd1 Bd6 22.Bxd6+ Rxd6
23.Rxd6 Kxd6 24.Qd2+ Ke7 25.Qd4 e5 26.Qd2 Qc5 27.Qd3 g6 28.Kg2 a5 29.Kg1 Qc6
30.f4 exf4 31.Qd4 fxe3 32.Qxe3+ Kf8 33.Qa7 Qd7 34.Qxa5 Qd1+ 35.Kg2 Qg4+ 36.Kf1 Qd1+
37.Kg2 Qg4+ 38.Kf1 Qd1+ 39.Kg2 Qg4+  1/2-1/2

[Event "7th Americas Continental 2012"]
[Site "Mar del Plata ARG"]
[Date "2012.10.12"]
[Round "1.33"]
[White "Krysa,L"]
[Black "Rivas,L"]
[Result "1-0"]
[WhiteElo "2381"]
[BlackElo "1987"]

1.d4 d5 2.c4 c6 3.Nc3 Nf6 4.e3 e6 5.Nf3 Nbd7 6.Qc2 Bd6 7.b3 Bb4 8.Bd2 Qc7
9.Bd3 dxc4 10.Bxc4 e5 11.O-O O-O 12.Rae1 Bd6 13.Bd3 Re8 14.dxe5 Bxe5 15.Nxe5 Nxe5
16.Be2 Bg4 17.f3 Bh5 18.e4 Qb6+ 19.Kh1 Rad8 20.Bf4 Bg6 21.Rc1 Nfd7 22.Bg3 h5
23.h3 Nf6 24.Bf2 Qa5 25.Bh4 Ned7 26.Rcd1 Qc5 27.Rd2 Nf8 28.Bf2 Qa5 29.Rfd1 Rxd2
30.Qxd2 Ne6 31.Nd5 Qxd2 32.Nxf6+ gxf6 33.Rxd2 f5 34.exf5 Bxf5 35.Bxa7 Nf4
36.Bf1 Nd5 37.Bf2 Ra8 38.a4 Re8 39.Kh2 Bg6 40.Bd4 Rd8 41.Bc5 Re8 42.b4 Ra8
43.Bd3 Nc3 44.a5  1-0

[Event "7th Americas Continental 2012"]
[Site "Mar del Plata ARG"]
[Date "2012.10.12"]
[Round "1.6"]
[White "San Martin Basualto,E"]
[Black "Kaidanov,G"]
[Result "0-1"]
[WhiteElo "2114"]
[BlackElo "2587"]

1.d4 d5 2.c4 e6 3.Nf3 Nf6 4.Nc3 c6 5.e3 Nbd7 6.Qc2 Bd6 7.Bd3 O-O 8.O-O dxc4
9.Bxc4 e5 10.h3 Qe7 11.Bb3 Bb8 12.dxe5 Nxe5 13.Nxe5 Bxe5 14.f4 Bxc3 15.Qxc3 Be6
16.Qe5 Rfe8 17.Bc2 Qd8 18.Rd1 Bd5 19.Qc3 Qe7 20.b4 Be4 21.Bb3 Bd5 22.Bc2 Rad8
23.a4 Be4 24.Bb3 Rxd1+ 25.Bxd1 Nd5 26.Qd4 Qxb4 27.Qxb4 Nxb4 28.Bd2 a5 29.Bc3 c5
30.Bb3 Rd8 31.Rd1 Rxd1+ 32.Bxd1 f6 33.g4 b6 34.Bb3+ Bd5 35.Bd1 Na2 36.Bb2 Kf8
37.h4 c4 38.Bd4 Be4 39.Bxb6 Nc3  0-1

[Event "FSFMA1 October 2012"]
[Site "Budapest HUN"]
[Date "2012.10.13"]
[Round "7.4"]
[White "Henrichsen,J"]
[Black "Tessedik,K"]
[Result "1-0"]
[WhiteElo "1908"]
[BlackElo "1868"]

1.d4 d5 2.c4 c6 3.Nf3 Nf6 4.Nc3 e6 5.e3 Nbd7 6.Bd3 dxc4 7.Bxc4 b5 8.Bd3 Bd6
9.O-O O-O 10.a3 Bb7 11.e4 e5 12.Kh1 a6 13.Bg5 h6 14.Bh4 Re8 15.Bg3 Qe7 16.dxe5 Nxe5
17.Nxe5 Bxe5 18.Bxe5 Qxe5 19.f4 Qe6 20.e5 Nd7 21.Ne4 Red8 22.Nd6 Nc5 23.Bf5 Qe7
24.Qc2 Ne6 25.Bh7+ Kf8 26.Be4 Nd4 27.Qc3 Rxd6 28.exd6 Qxe4 29.Rae1 Qd5 30.d7 c5
31.Rf2 Rd8 32.Qd3 g6 33.Re5 Qb3 34.Qd2 Qc4 35.f5 g5 36.h4 Nb3 37.Qd6+ Kg7
38.Re8 Qxh4+ 39.Kg1  1-0

[Event "BSF GM Cup 2012"]
[Site "Copenhagen DEN"]
[Date "2012.10.13"]
[Round "3.1"]
[White "Skytte,R"]
[Black "Ninov,N"]
[Result "1/2-1/2"]
[WhiteElo "2406"]
[BlackElo "2507"]

1.d4 d5 2.c4 e6 3.Nc3 c6 4.e3 Nf6 5.Nf3 Nbd7 6.Qc2 b6 7.Bd3 Bb7 8.O-O dxc4
9.Bxc4 c5 10.Ne5 Bd6 11.Rd1 cxd4  1/2-1/2

[Event "28th European Club Cup"]
[Site "Eilat ISR"]
[Date "2012.10.13"]
[Round "3.16"]
[White "Palliser,R"]
[Black "Leer Salvesen,B"]
[Result "1/2-1/2"]
[WhiteElo "2458"]
[BlackElo "2370"]

1.d4 d5 2.c4 e6 3.Nc3 c6 4.e3 Nf6 5.Nf3 Nbd7 6.Bd3 dxc4 7.Bxc4 b5 8.Bd3 b4
9.Ne4 Nxe4 10.Bxe4 Bb7 11.O-O Bd6 12.Nd2 O-O 13.Nc4 Be7 14.b3 Qc7 15.Bb2 c5
16.Bxb7 Qxb7 17.dxc5 Nxc5 18.Qg4 f6 19.Bd4 Qe4 20.Qe2 Nb7 21.f3 Qc6 22.Rac1 Qa6
23.e4 Rfd8 24.Be3 Rac8 25.Rc2 Rc7 26.Rd1 Rdc8 27.h4 Na5 28.Nxa5 Qxa5 29.Rxc7 Rxc7
30.f4 a6 31.h5 Kf7 32.Rc1 Rxc1+ 33.Bxc1 Bc5+ 34.Kh2 Bb6 35.Qd1 Qc5 36.Qd7+ Kf8
37.Qxe6 Qxh5+ 38.Kg3 Qc5 39.Kh3 Qxc1 40.Qxb6 Qxf4 41.Qxb4+ Kf7 42.Qb7+ Kg6
43.Qxa6 Qe3+ 44.Kh2 Qf4+ 45.Kh1 Qc1+ 46.Kh2 Qf4+ 47.Kg1 Qe3+ 48.Kf1 Qf4+
49.Ke1 Qg3+ 50.Kf1 Qf4+ 51.Ke1 Qg3+ 52.Kf1  1/2-1/2

[Event "17th European Club Cup w"]
[Site "Eilat ISR"]
[Date "2012.10.13"]
[Round "3.2"]
[White "Cramling,P"]
[Black "Javakhishvili,L"]
[Result "1/2-1/2"]
[WhiteElo "2514"]
[BlackElo "2444"]

1.d4 d5 2.Nf3 Nf6 3.c4 c6 4.Nc3 e6 5.e3 Nbd7 6.Bd3 dxc4 7.Bxc4 b5 8.Bd3 Bd6
9.O-O O-O 10.Bd2 Bb7 11.Rc1 a5 12.Qe2 Qe7 13.Ne4 Nxe4 14.Bxe4 Rfc8 15.a3 b4
16.axb4 axb4 17.Ra1 Nf6 18.Bd3 c5 19.Rxa8 Rxa8 20.dxc5 Bxc5 21.Rc1 Ne4 22.Bxe4 Bxe4
23.Qc4 Bxf3 24.Qxc5 Qxc5 25.Rxc5 Ra1+ 26.Rc1 Rxc1+ 27.Bxc1 Bd5 28.f3 e5 29.e4 Be6
30.Bd2 b3 31.Bc3 f6 32.Kf2 h5 33.h4 Kf7 34.Ke3 Bc4 35.g3 g6 36.f4 Ke6 37.fxe5 fxe5
38.Bb4 Kf6 39.Bc3 Ke6 40.Bb4 Kf6 41.Bc3 Ke6 42.Bb4  1/2-1/2

[Event "2nd Indonesia Open"]
[Site "Jakarta INA"]
[Date "2012.10.13"]
[Round "4.18"]
[White "Nguyen Duc Hoa"]
[Black "Situru,N"]
[Result "1/2-1/2"]
[WhiteElo "2494"]
[BlackElo "2284"]

1.Nf3 d5 2.d4 c6 3.c4 Nf6 4.e3 e6 5.Nc3 Nbd7 6.Qc2 Bd6 7.g4 Nxg4 8.Rg1 Nxh2
9.Nxh2 Bxh2 10.Rxg7 Qh4 11.e4 h6 12.Be3 dxe4 13.Nxe4 f5 14.Nc3 Kf8 15.Rg2 Nf6
16.O-O-O Bf4 17.Qd2 Bxe3 18.fxe3 Rg8 19.Rh2 Qg5 20.Be2 h5 21.Rf1 Bd7 22.Bf3 Be8
23.Ne2 Ng4 24.Nf4 Qe7 25.Bxg4 hxg4 26.Qa5 b5 27.Rh6 Bf7 28.cxb5 cxb5 29.Qxb5 Rc8+
30.Kb1 g3 31.Qe5 Qc7 32.Qxc7 Rxc7 33.Rxe6 g2 34.Rg1 Rh8 35.Rg6 Re7 36.Rg3 Rh1
37.Rxg2 Rxg1+ 38.Rxg1 Rxe3 39.Rg5 Re4 40.Rxf5 Kg7 41.d5 Be8 42.Nh5+ Kh6 43.Nf6 Bg6
44.Rh5+ Bxh5 45.Nxe4 Bg6 46.d6 Bxe4+ 47.Kc1 Bf5 48.Kd2 Kg6 49.Kc3 Kf6 50.Kb4 Ke6
51.Kb5 Kxd6 52.Ka6 Kc5 53.a3 Bd3+ 54.Kxa7 Kb5  1/2-1/2

[Event "FSFMA1 October 2012"]
[Site "Budapest HUN"]
[Date "2012.10.14"]
[Round "8.2"]
[White "Tessedik,K"]
[Black "Nasser,Bader"]
[Result "1-0"]
[WhiteElo "1868"]
[BlackElo "2021"]

1.d4 d5 2.c4 c6 3.Nf3 Nf6 4.Nc3 e6 5.e3 Nbd7 6.cxd5 cxd5 7.Bd3 a6 8.O-O Bd6
9.Qc2 O-O 10.Ng5 h6 11.Nh7 Re8 12.f3 e5 13.Nxf6+ Nxf6 14.dxe5 Rxe5 15.f4 Re8
16.h3 Bd7 17.Bd2 Rc8 18.Rad1 b5 19.Qb1 Qb6 20.Bf5 Qb7 21.Bxd7 Qxd7 22.Qd3 Bc5
23.Kh1 Rcd8 24.Bc1 b4 25.Ne2 Ne4 26.Kh2 a5 27.Rf3 Re6 28.g4 Qc7 29.Kg2 h5
30.f5 Rc6 31.Nf4 hxg4 32.hxg4 Nf6 33.g5 Bd6 34.gxf6 Bxf4 35.Rxf4 Rxc1 36.fxg7 Rxd1
37.Qxd1 Qe5 38.Qh5 Qxb2+ 39.Kh3 Qxg7 40.Rg4 Re8 41.Rxg7+ Kxg7 42.Qg5+ Kf8
43.f6 Re4  1-0

[Event "28th European Club Cup"]
[Site "Eilat ISR"]
[Date "2012.10.14"]
[Round "4.13"]
[White "Korsunsky,Y"]
[Black "Moen,A"]
[Result "1/2-1/2"]
[WhiteElo "2419"]
[BlackElo "2377"]

1.d4 d5 2.c4 c6 3.Nf3 Nf6 4.Nc3 e6 5.e3 Nbd7 6.Qc2 Bd6 7.b3 O-O 8.Be2 e5
9.cxd5 cxd5 10.dxe5 Nxe5 11.O-O Bg4 12.Nd4 Rc8 13.Bb2 Ne4 14.Rac1 Bb4 15.Bxg4 Nxg4
16.Qe2 Ngxf2 17.Nxe4 Nxe4 18.Rxc8 Qxc8 19.Nf5 f6 20.Qb5 Qc5 21.Qxb7 Rf7 22.Qa8+ Rf8
23.Qb7 Rf7 24.Qa8+ Rf8 25.Qb7 Rf7  1/2-1/2

[Event "e2e4 High Wycombe October Open"]
[Site "High Wycombe ENG"]
[Date "2012.10.14"]
[Round "5.3"]
[White "Rees,I"]
[Black "Maciol,R"]
[Result "1-0"]
[WhiteElo "2254"]
[BlackElo "2198"]

1.Nf3 d5 2.d4 Nf6 3.c4 c6 4.Nc3 e6 5.e3 Be7 6.Qc2 O-O 7.Bd3 a6 8.O-O dxc4
9.Bxc4 c5 10.Rd1 Qc7 11.b3 cxd4 12.Nxd4 Nc6 13.Nxc6 Qxc6 14.Be2 e5 15.Bb2 Be6
16.Rac1 Rac8 17.Qb1 Qb6 18.Bf3 Qb4 19.Ne4 Nd7 20.Ng3 a5 21.Bd5 Rxc1 22.Qxc1 Bxd5
23.Rxd5 Nb6 24.Rxe5 Rc8 25.Qd1 a4 26.Re4 Qc5 27.bxa4 Nc4 28.Bd4 Qa3 29.Qg4 Qc1+
30.Nf1 Ne5 31.Bxe5 Bf8 32.Rd4 Rc5 33.Rd1 Qc2 34.Qd4 Rxe5 35.Qxe5 Qxd1 36.Qb5 h5
37.a5 Qe1 38.Qxh5 Bb4 39.Qb5 g6 40.Qxb7 Bxa5 41.Qb5 Bc3 42.g3 Qd1 43.Qc4 Be1
44.h4 Qa1 45.a4 Qb2 46.Qf4 f6 47.Nh2 Bb4 48.Kg2 Kf7 49.Ng4  1-0

[Event "17th European Club Cup w"]
[Site "Eilat ISR"]
[Date "2012.10.15"]
[Round "5.1"]
[White "Kashlinskaya,A"]
[Black "Javakhishvili,L"]
[Result "0-1"]
[WhiteElo "2368"]
[BlackElo "2444"]

1.d4 d5 2.c4 c6 3.Nc3 e6 4.e3 Nf6 5.Nf3 Nbd7 6.Qc2 Bd6 7.Bd3 dxc4 8.Bxc4 b5
9.Be2 Bb7 10.O-O O-O 11.Rd1 Qc7 12.e4 e5 13.Bg5 b4 14.Bxf6 Nxf6 15.dxe5 Bxe5
16.Na4 Rfe8 17.Nc5 Qb6 18.Bc4 Re7 19.Bxf7+ Kxf7 20.Qc4+ Ke8 21.g4 Bc8 22.g5 Qb5
23.Qxb5 cxb5 24.gxf6 Bxf6 25.Rd2 Bg4 26.Kg2 Rc8 27.Nb3 Rxe4 28.Nfd4 Bd7 29.Rad1 h5
30.f3 Re7 31.Ne2 Bg5 32.f4 Bf6 33.Nbd4 g5 34.f5 Rc5 35.Ng3 h4 36.Nh5 Bxd4
37.Rxd4 Bc6+ 38.Kg1 Rxf5 39.Rd6 Bf3 40.Rf1 g4 41.Nf6+ Kf7 42.Nd7 Re2  0-1

[Event "28th European Club Cup"]
[Site "Eilat ISR"]
[Date "2012.10.15"]
[Round "5.11"]
[White "Karttunen,M"]
[Black "Agrest,E"]
[Result "0-1"]
[WhiteElo "2445"]
[BlackElo "2614"]

1.d4 d5 2.c4 c6 3.Nc3 Nf6 4.Nf3 e6 5.e3 a6 6.Bd2 c5 7.dxc5 Bxc5 8.a3 O-O
9.b4 Bd6 10.Qc2 Nc6 11.Rd1 Qe7 12.c5 Bc7 13.e4 d4 14.Na4 e5 15.Be2 Bg4 16.h3 Bh5
17.g4 Bg6 18.Bd3 Nd7 19.Rc1 Rfc8 20.Bg5 f6 21.Bd2 Bf7 22.Rg1 Nf8 23.Nh4 g6
24.Bh6 Kh8 25.Nf3 Ne6 26.Kf1 g5 27.h4 Rg8 28.Bc4 Rg6 29.Bxe6 Bxe6 30.hxg5 fxg5
31.Bxg5 Rxg5 32.Nxg5 Qxg5 33.Rg3 Rf8 34.Kg2 Ne7 35.Rh1 Ng6 36.Qd1 Qf6 37.f3 Qf7
38.Nb2 Bc4 39.Kf2 Nf4 40.g5 Be6 41.Nd3 Ng6 42.Rh6 Bd7 43.Kg1 Kg8 44.Qc2 Qe8
45.Qh2 Rf7 46.Nf2 Qf8 47.Kg2 Rg7 48.Kh1 Qf7 49.Nd3 Qb3 50.Qd2 Qxa3 51.c6 bxc6
52.Qc2 Bd6 53.Qc4+ Kh8 54.Rg2 Qa1+ 55.Rg1 Qa4 56.f4 exf4 57.Qxd4 Bf8 58.Qf6 Kg8
59.Nxf4 Qxb4 60.Nxg6 Qxe4+ 61.Kh2 Rxg6 62.Qd8 Qe5+ 63.Rg3 Be8 64.Rxg6+ hxg6
65.Kh3 Qe6+ 66.Kg2 Qd5+  0-1

[Event "BSF GM Cup 2012"]
[Site "Copenhagen DEN"]
[Date "2012.10.16"]
[Round "8.2"]
[White "Svane,R"]
[Black "Skytte,R"]
[Result "1/2-1/2"]
[WhiteElo "2394"]
[BlackElo "2406"]

1.d4 d5 2.c4 c6 3.Nf3 Nf6 4.Nc3 e6 5.e3 Nbd7 6.Qc2 Bd6 7.cxd5 cxd5 8.Nb5 Bb4+
9.Bd2 Bxd2+ 10.Nxd2 O-O 11.Rc1 a6 12.Nc3 b5 13.Be2 Bb7 14.O-O Qe7 15.a3 Rfc8
16.b4 Nb6 17.Nb3 Nc4 18.Bxc4 dxc4 19.Nc5 Bc6 20.a4 e5 21.Rcd1 exd4 22.Rxd4 Ne8
23.Rfd1 Nc7 24.Rd6 Ne6 25.Nxe6 fxe6 26.a5 Bd5 27.Nxd5 exd5 28.R1xd5 Rd8 29.Rxd8+ Rxd8
30.Qd1 Rxd5 31.Qxd5+ Kf8 32.Qf5+ Ke8 33.Qc8+ Kf7 34.Qf5+ Ke8 35.Qc8+ Kf7
36.Qf5+  1/2-1/2

[Event "28th European Club Cup"]
[Site "Eilat ISR"]
[Date "2012.10.16"]
[Round "6.9"]
[White "Gustafsson,J"]
[Black "Dinev,De"]
[Result "1-0"]
[WhiteElo "2622"]
[BlackElo "2348"]

1.Nf3 d5 2.d4 Nf6 3.c4 c6 4.Nc3 e6 5.e3 Bd6 6.Bd3 O-O 7.e4 dxe4 8.Nxe4 Bb4+
9.Bd2 Bxd2+ 10.Qxd2 Nxe4 11.Bxe4 Qe7 12.O-O h6 13.Rfe1 Na6 14.Rad1 Rd8 15.Bb1 Bd7
16.Qd3 g6 17.h4 Qf6 18.Qd2 Qg7 19.Qa5 Be8 20.b4 Qf8 21.a3 Qd6 22.h5 Qc7 23.hxg6 Qxa5
24.bxa5 Nc7 25.gxf7+ Kxf7 26.Ne5+ Ke7 27.Be4 Rab8 28.Rd3 h5 29.Rb1 Kf6 30.f4 Rd6
31.Kf2 b6 32.c5 Rdd8 33.axb6 axb6 34.cxb6 Nb5 35.Bxc6 Nxa3 36.Rxa3 Rxd4 37.Bxe8 Rxf4+
38.Ke3  1-0

[Event "7th Americas Continental 2012"]
[Site "Mar del Plata ARG"]
[Date "2012.10.16"]
[Round "6.1"]
[White "Iturrizaga,E"]
[Black "Bruzon Batista,L"]
[Result "1/2-1/2"]
[WhiteElo "2639"]
[BlackElo "2717"]

1.d4 d5 2.c4 c6 3.Nc3 Nf6 4.Nf3 e6 5.e3 g6 6.Bd3 Bg7 7.O-O O-O 8.cxd5 exd5
9.Ne5 Nbd7 10.f4 Nxe5 11.fxe5  1/2-1/2

[Event "7th Americas Continental 2012"]
[Site "Mar del Plata ARG"]
[Date "2012.10.16"]
[Round "6.66"]
[White "Okamura,M"]
[Black "Alvarez,Agustin"]
[Result "1-0"]
[WhiteElo "2092"]
[BlackElo "1863"]

1.d4 d5 2.c4 e6 3.Nf3 c6 4.Nc3 Nf6 5.e3 Nbd7 6.Bd3 dxc4 7.Bxc4 b5 8.Bd3 Bb7
9.O-O a6 10.e4 b4 11.Na4 c5 12.e5 Nd5 13.Re1 Rc8 14.Qe2 a5 15.Ng5 g6 16.Qf3 Qe7
17.Ne4 Qd8 18.Bg5 Qc7 19.Rac1 h6 20.Qh3 Rg8 21.Bd2 Qb8 22.Naxc5 Qa7 23.Nxe6 Rxc1
24.Rxc1 fxe6 25.Qxe6+ Ne7 26.Bb5  1-0

[Event "28th European Club Cup"]
[Site "Eilat ISR"]
[Date "2012.10.17"]
[Round "7.3"]
[White "Grachev,B"]
[Black "Gonzalez de la Torre,S"]
[Result "1-0"]
[WhiteElo "2672"]
[BlackElo "2442"]

1.d4 d5 2.c4 c6 3.Nf3 Nf6 4.e3 e6 5.Nc3 a6 6.c5 Nbd7 7.Qc2 g6 8.b4 Bg7 9.Bb2 O-O
10.Be2 Qc7 11.O-O e5 12.dxe5 Nxe5 13.Nxe5 Qxe5 14.Nb5 Qg5 15.Nd6 Bh3 16.Bf3 Bg4
17.Bxg4 Qxg4 18.Bd4 Qd7 19.Qc3 Ne8 20.Bxg7 Nxg7 21.e4 dxe4 22.Nxe4 Nh5 23.Rad1 Qe7
24.Rfe1 Rad8 25.Nd6 Qd7 26.h3 f5 27.Qb3+ Kh8 28.Nf7+ Rxf7 29.Rxd7 Rdxd7 30.Qc3+ Nf6
31.Re6 Kg7 32.a4 Rde7 33.Qe5 Rxe6 34.Qxe6 Nd5 35.b5 axb5 36.axb5 Ne7 37.Qe5+ Kg8
38.Qb8+ Kg7 39.Qe5+ Kg8 40.Qb8+ Kg7 41.Qxb7 cxb5 42.Qd7 b4 43.c6 b3 44.c7 b2
45.Qd4+ Kg8 46.Qxb2 Rf8 47.Qb3+ Rf7 48.Qe6 f4 49.h4 h5 50.Qxe7 Rxe7 51.c8=Q+  1-0

[Event "US Chess League 2012"]
[Site "ICC INT"]
[Date "2012.10.17"]
[Round "7"]
[White "Stripunsky,A"]
[Black "Sammour Hasbun,J"]
[Result "0-1"]
[WhiteElo "2566"]
[BlackElo "2463"]

1.d4 d5 2.c4 c6 3.Nc3 Nf6 4.e3 e6 5.Nf3 Nbd7 6.Qc2 Bd6 7.Bd3 O-O 8.O-O dxc4
9.Bxc4 b5 10.Be2 Bb7 11.Rd1 Qc7 12.e4 e5 13.Bg5 exd4 14.Rxd4 Ne5 15.Bxf6 gxf6
16.h3 b4 17.Na4 c5 18.Rdd1 Rfe8 19.Nd2 Kh8 20.Re1 Rg8 21.Nc4 Nxc4 22.Bxc4 Rg5
23.Rad1 f5 24.Bd5 Rag8 25.Bxb7 Rxg2+ 26.Kf1 Bg3 27.Rd2 Bh4 28.Qxc5 Qxb7 29.Qd4+ f6
30.Nc5 Qb5+ 31.Nd3 f4 32.Ke2 Qh5+  0-1

[Event "7th Americas Continental 2012"]
[Site "Mar del Plata ARG"]
[Date "2012.10.17"]
[Round "7.70"]
[White "De Souza Monteiro,Marcos Paulo"]
[Black "March,Diego"]
[Result "1-0"]
[WhiteElo "2040"]
[BlackElo "1822"]

1.d4 d5 2.c4 e6 3.Nc3 c6 4.Nf3 Nf6 5.e3 dxc4 6.a4 c5 7.Bxc4 a6 8.O-O cxd4
9.exd4 Be7 10.Qe2 b6 11.Bg5 O-O 12.Rad1 Ra7 13.Rfe1 Rd7 14.Bxe6 fxe6 15.Qxe6+ Kh8
16.Ne5 Nh5 17.Nf7+  1-0

[Event "NIT Nagpur GM Open 2012"]
[Site "Nagpur IND"]
[Date "2012.10.17"]
[Round "3.1"]
[White "Aleksandrov,A"]
[Black "Himanshu,Sh"]
[Result "1-0"]
[WhiteElo "2602"]
[BlackElo "2393"]

1.d4 d5 2.c4 c6 3.Nc3 Nf6 4.e3 e6 5.Nf3 Nbd7 6.Qc2 Bd6 7.g4 h6 8.Rg1 e5 9.h4 exd4
10.Nxd4 Ne5 11.g5 hxg5 12.hxg5 Nfg4 13.cxd5 c5 14.Be2 cxd4 15.exd4 Qb6 16.Ne4 Qxd4
17.Nxd6+ Kd8 18.Qc7+ Kxc7 19.Nb5+ Kd8 20.Nxd4 Rh4 21.Bf4 f6 22.f3 Nh2 23.gxf6 gxf6
24.Rg8+ Kd7 25.Bxe5 fxe5 26.Ne6 Kd6 27.Ng5 b6 28.Ne4+ Kxd5 29.Rd1+ Kc6 30.Rc1+ Kd7
31.Bb5+ Ke6 32.Rc6+  1-0

[Event "US Chess League 2012"]
[Site "ICC INT"]
[Date "2012.10.18"]
[Round "7"]
[White "Gorman,D"]
[Black "Milman,L"]
[Result "1-0"]
[WhiteElo "2229"]
[BlackElo "2441"]

1.d4 Nf6 2.Nf3 d5 3.c4 e6 4.Nc3 c6 5.e3 Nbd7 6.Qc2 Bd6 7.Bd2 O-O 8.Bd3 dxc4
9.Bxc4 b5 10.Bd3 Bb7 11.Ng5 h6 12.Nge4 Be7 13.O-O Rc8 14.Nxf6+ Nxf6 15.Ne4 c5
16.Nxf6+ Bxf6 17.dxc5 a6 18.Rfd1 Bxb2 19.Rab1 Be5 20.f4 Bb8 21.a4 Ba7 22.Bb4 Qc7
23.axb5 axb5 24.Rbc1 Qc6 25.Qe2 Ba6 26.Rc3 e5 27.fxe5 Bb8 28.Bf5 Bxe5 29.Bxc8 Bxc3
30.Bd7 Qa8 31.Bxc3 b4 32.Qb2 bxc3 33.Qxc3 Qb8 34.c6 Qc7 35.Qc5 Rb8 36.Bf5 Bc8
37.Qe5  1-0

[Event "Spice Cup Open"]
[Site "Saint Louis USA"]
[Date "2012.10.18"]
[Round "6"]
[White "Yang,Dar"]
[Black "Amanov,M"]
[Result "1/2-1/2"]
[WhiteElo "2485"]
[BlackElo "2507"]

1.d4 d5 2.c4 c6 3.Nf3 Nf6 4.Nc3 e6 5.e3 a6 6.b3 Bb4 7.Bd2 Bd6 8.Bd3 c5 9.O-O O-O
10.Qe2 Nc6 11.Rad1 Qc7 12.h3 b6 13.Rfe1 Re8 14.dxc5 bxc5 15.e4 d4 16.e5 Nxe5
17.Nxe5 dxc3 18.Bxc3 Bb7 19.Ng4 Nxg4 20.Qxg4 Bf8 21.Bf6 g6 22.Be4 Bg7 23.Bxb7 Qxb7
24.Bxg7 Kxg7 25.Qf4 Kg8 26.Rd6 a5 27.Red1 Qc7 28.Qg5 Re7 29.Rc6 Qxc6 30.Qxe7 a4
31.Rd7 Rf8 32.Rc7 Qe4 33.Qxc5 axb3 34.axb3 Qb1+ 35.Kh2 Qxb3 36.Qe5 Qc2 37.Qd4 Qf5
38.c5 e5 39.Qe3 Qf4+ 40.Qxf4 exf4 41.g3 fxg3+ 42.Kxg3 Kg7 43.Kf4 Re8  1/2-1/2

[Event "Spice Cup Open"]
[Site "Saint Louis USA"]
[Date "2012.10.18"]
[Round "6"]
[White "Finegold,Spencer"]
[Black "Ostrovskiy,Al"]
[Result "0-1"]
[WhiteElo "2081"]
[BlackElo "2377"]

1.d4 d5 2.c4 c6 3.Nc3 Nf6 4.e3 e6 5.Nf3 Nbd7 6.b3 Bb4 7.Bd2 O-O 8.Be2 Qe7
9.O-O Bd6 10.Qc2 e5 11.dxe5 Nxe5 12.cxd5 cxd5 13.Nb5 Bb8 14.Rac1 Ne4 15.Nbd4 Bd7
16.Rfd1 Bd6 17.Nxe5 Qxe5 18.f4 Qe7 19.Rf1 Rfe8 20.Bb5 Bxb5 21.Nxb5 Bc5 22.Nd4 Ba3
23.Rcd1 Rac8 24.Qd3 Bc5 25.Be1 Rcd8 26.Ba5 Rd7 27.Be1 Bb6 28.Rc1 Nc5 29.Qb5 Rdd8
30.Rf3 Ne4 31.Bb4 Qf6 32.Qd3 h6 33.Ba3 Rc8 34.Bb2 Rxc1+ 35.Bxc1 Bxd4 36.exd4 Rc8
37.Bd2 Qc6 38.Kf1 Qc2 39.Ke2 Qxa2  0-1

[Event "Bundesliga 2012-13"]
[Site "Forchheim GER"]
[Date "2012.10.20"]
[Round "1"]
[White "Lauber,A"]
[Black "Czarnota,P"]
[Result "0-1"]
[WhiteElo "2465"]
[BlackElo "2536"]

1.d4 d5 2.c4 c6 3.Nc3 Nf6 4.e3 e6 5.Nf3 Nbd7 6.Bd3 dxc4 7.Bxc4 b5 8.Bd3 Bb7
9.a3 Bd6 10.b4 a5 11.Rb1 axb4 12.axb4 Qe7 13.Qb3 e5 14.dxe5 Nxe5 15.Nxe5 Bxe5
16.h3 O-O 17.O-O Rfd8 18.Rd1 Rac8 19.Bb2 Bd6 20.Ba1 Qe5 21.Ne4 Qh2+ 22.Kf1 c5
23.Qc3 Be7 24.bxc5 Rxd3 25.Nxf6+ Bxf6 26.Qxd3 Qxg2+ 27.Ke1 Bh4 28.Qf1 Qg5
29.Bd4 Bg2 30.Qxb5 Bxh3 31.Kd2 Qf5 32.f4 Bg4 33.Kc3 Bf6 34.c6 Qxb5 35.Rxb5 Bxd1
36.Bxf6 gxf6 37.Rc5 Rc7 38.Kd4 Ba4 39.Kd5 h5 40.Kd4 Bxc6 41.Rxh5 Re7 42.Kd3 Bf3
43.Rh3 Rd7+  0-1

[Event "7th Americas Continental 2012"]
[Site "Mar del Plata ARG"]
[Date "2012.10.20"]
[Round "10.60"]
[White "Barea,L"]
[Black "Jorquera Alfaro,Mauricio"]
[Result "1/2-1/2"]
[WhiteElo "2245"]
[BlackElo "2036"]

1.d4 Nf6 2.c4 e6 3.Nf3 d5 4.Nc3 c6 5.e3 Nbd7 6.Qc2 Be7 7.g4 dxc4 8.Bxc4 b5
9.Bd3 g6 10.g5 Nh5 11.Rg1 a6 12.Be4 Bb7 13.a4 b4 14.Ne2 Rc8 15.Bd2 a5 16.Ng3 Ng7
17.h4 Qb6 18.Ne5 Nxe5 19.dxe5 Nf5 20.Nxf5 exf5 21.Bd3 Ba6 22.Bxa6 Qxa6 23.e4 fxe4
24.Qxe4 c5 25.Rg3 c4 26.Rc1 O-O 27.Rg4 Qe6 28.Rxc4 Rxc4 29.Qxc4 Qxe5+ 30.Re4 Qd6
31.Bf4 Qd7 32.Qc7 Rd8 33.Qxd7 Rxd7 34.Re3 Bd6 35.Re8+ Kg7 36.Be3 f6 37.Ra8 fxg5
38.hxg5 Bc7 39.Ra7 Kf7 40.Ke2 Ke6 41.Kf3  1/2-1/2

[Event "TCh-AUT 2 Mitte 2012-13"]
[Site "Bad Schallerbach AUT"]
[Date "2012.10.21"]
[Round "3.1"]
[White "Kozul,Z"]
[Black "Gergacz,A"]
[Result "1-0"]
[WhiteElo "2621"]
[BlackElo "2393"]

1.d4 d5 2.c4 c6 3.Nc3 Nf6 4.e3 e6 5.Nf3 Nbd7 6.Qc2 a6 7.b3 Bd6 8.Bb2 b5 9.Bd3 O-O
10.O-O Bb7 11.Rfd1 Rc8 12.e4 b4 13.Na4 dxe4 14.Bxe4 Qa5 15.c5 Nxe4 16.Qxe4 Be7
17.Qe1 Qb5 18.a3 bxa3 19.Rxa3 a5 20.Bc3 Ra8 21.Nb2 Nf6 22.Bxa5 Nd5 23.Nc4 Ba6
24.Rda1 Qb7 25.Nb6 Nxb6 26.Bxb6 Bf6 27.g4 h6 28.h4 Bb5 29.g5 Rxa3 30.Rxa3 hxg5
31.hxg5 Bd8 32.Ra7 Qb8 33.Qe5 Bxb6 34.Qxb8 Rxb8 35.cxb6 Rxb6 36.Ne5 Rb8 37.Nxf7 Kh7
38.Ne5 Rf8 39.Kg2 Rf5 40.g6+ Kh6 41.Kg3 Rg5+ 42.Kf4 Rf5+ 43.Ke4  1-0

[Event "Bundesliga 2012-13"]
[Site "Griesheim GER"]
[Date "2012.10.21"]
[Round "2"]
[White "Krysztofiak,M"]
[Black "Hector,J"]
[Result "1/2-1/2"]
[WhiteElo "2447"]
[BlackElo "2539"]

1.Nf3 d5 2.c4 c6 3.e3 Nf6 4.Nc3 e6 5.d4 Nbd7 6.Qc2 b6 7.Bd3 Bb7 8.O-O Qc7
9.cxd5 exd5 10.e4 dxe4 11.Nxe4 Nxe4 12.Bxe4 Bd6 13.Re1 O-O-O 14.Bg5 f6 15.Bh4 Kb8
16.Rac1 Rc8 17.Re3 c5 18.Rc3 Bxe4 19.Qxe4 Qb7 20.Qe6 Bc7 21.Bg3 Bxg3 22.hxg3 Rhe8
23.Qg4 g5 24.Qf5 h5 25.dxc5 Rxc5 26.Rxc5 bxc5 27.Rd1 Re7 28.Qd3 Qc6 29.Nd2 Qe6
30.Nc4 Nb6 31.Qd8+ Nc8 32.Ne3 h4 33.gxh4 gxh4 34.Qh8 Qxa2 35.Qxf6 Rc7 36.Qxh4 Qxb2
37.Qe4 Nb6 38.Nd5 Nxd5 39.Rxd5 Qc1+ 40.Kh2 Qh6+ 41.Kg1 Qc1+ 42.Kh2 Qh6+ 43.Kg1  1/2-1/2

[Event "16th Unive Open"]
[Site "Hoogeveen NED"]
[Date "2012.10.22"]
[Round "4"]
[White "Djuric,O"]
[Black "Stavast,D"]
[Result "0-1"]
[WhiteElo "1880"]
[BlackElo "2125"]

1.d4 d5 2.Nf3 Nf6 3.c4 c6 4.Nc3 e6 5.e3 Nbd7 6.cxd5 exd5 7.Be2 Bd6 8.O-O O-O
9.a3 Re8 10.b4 a6 11.Qb3 Nf8 12.Bb2 Ng6 13.a4 Qe7 14.b5 Ng4 15.bxa6 bxa6
16.a5 Rb8 17.Qc2 Nh4 18.h3 Nxe3 19.fxe3 Qxe3+ 20.Kh1 Nf5 21.Nd1 Ng3+ 22.Kh2 Nxf1+
23.Kh1 Ng3+ 24.Kh2 Nxe2+ 25.Kh1 Ng3+ 26.Kh2 Nf5+ 27.Kh1 Qe1+  0-1

[Event "Danilo Batricevic Mem Balkan GP"]
[Site "Cetinje MNE"]
[Date "2012.10.23"]
[Round "5.9"]
[White "Cabrilo,G"]
[Black "Andrejic,V"]
[Result "1-0"]
[WhiteElo "2464"]
[BlackElo "2195"]

1.Nf3 d5 2.d4 Nf6 3.c4 c6 4.Nc3 e6 5.e3 Nbd7 6.Qc2 Be7 7.b3 O-O 8.Bb2 Re8
9.Be2 Qc7 10.O-O dxc4 11.Bxc4 a6 12.e4 c5 13.d5 exd5 14.Nxd5 Nxd5 15.Bxd5 Bf6
16.Rac1 Bxb2 17.Qxb2 Nf6 18.b4 Nxd5 19.Rxc5 Qd7 20.Rxd5 Qa4 21.Re1 Be6 22.Ra5 Qd7
23.Rc5 Rac8 24.Rxc8 Qxc8 25.Nd4 Bc4 26.h3 f6 27.Re3 Qc7 28.Nf3 a5 29.bxa5 Qxa5
30.a3 b5 31.Nd4 Qa8 32.Nf5 Rxe4 33.Rg3 Re1+ 34.Kh2 g6 35.Qxf6 Qf8 36.Qg5 Kh8
37.Ne3 Qxf2 38.Rf3 Qb2 39.Nxc4 bxc4 40.Qd8+ Kg7 41.Qf8+  1-0

[Event "16th Unive Open"]
[Site "Hoogeveen NED"]
[Date "2012.10.23"]
[Round "5"]
[White "Stavast,D"]
[Black "Voss,Her"]
[Result "0-1"]
[WhiteElo "2125"]
[BlackElo "2015"]

1.d4 d5 2.c4 e6 3.Nc3 Nf6 4.Nf3 c6 5.e3 Bd6 6.Bd3 Nbd7 7.O-O O-O 8.e4 dxe4
9.Nxe4 Nxe4 10.Bxe4 Nf6 11.Bc2 h6 12.b3 b6 13.Bb2 Bb7 14.Qd3 g6 15.Rfe1 Re8
16.Rad1 Bf8 17.Ne5 Bg7 18.Qh3 Nh7 19.Bc1 Ng5 20.Qg3 Qe7 21.h4 Nh7 22.c5 Rad8
23.Be3 Nf6 24.Nxf7 Kxf7 25.Bxg6+ Kf8 26.Bxe8 Rxe8 27.Qf3 Kg8 28.Bf4 bxc5
29.dxc5 Qxc5 30.Bxh6 Qe7 31.Bg5 c5 32.Qf4 Rf8 33.Qe5 Bd5 34.Rxd5 Nxd5 35.Qxd5 exd5
36.Rxe7 d4 37.Rxa7 d3 38.Be3 Rd8 39.Bd2 Re8 40.Rd7 Bd4 41.Be3 Rxe3 42.fxe3 d2
43.exd4 d1=Q+ 44.Kf2 cxd4  0-1

[Event "13th Liberec Open 2012"]
[Site "Liberec CZE"]
[Date "2012.10.23"]
[Round "5"]
[White "Bartos,J"]
[Black "Voelz,S"]
[Result "1-0"]
[WhiteElo "2191"]
[BlackElo "1932"]

1.d4 Nf6 2.Nf3 e6 3.e3 d5 4.c4 c6 5.Nc3 Nbd7 6.Bd3 dxc4 7.Bxc4 Be7 8.O-O O-O
9.a3 b6 10.e4 Bb7 11.e5 Nd5 12.Nxd5 exd5 13.Bd3 Re8 14.Ne1 Nf8 15.f4 Rc8
16.Qg4 f6 17.Nf3 Rc7 18.f5 Nd7 19.Bf4 Nb8 20.exf6 Bd6 21.Bg5 Rf7 22.Rae1 Rxe1
23.Rxe1 Qf8 24.Ne5 Rc7 25.f7+  1-0